Planeamiento estratégico para el Aseguramiento de la Calidad en la Dirección Nacional de Desarrollo Social y Asignaciones Familiares. Componente No. 2 Capacitación en Aseguramiento de la Calidad Sesiones de Capacitación y Sensibilización
সংরক্ষণ করুন:
| প্রধান লেখক: | |
|---|---|
| অন্যান্য লেখক: | , |
| বিন্যাস: | গ্রন্থ |
| ভাষা: | Spanish |
| প্রকাশিত: |
[San José, Costa Rica]: Universidad de Costa Rica, Escuela de Ingeniería Industrial. Instituto de Investigaciones en Ingeniería. Programa de Investigaciones y Desarrollo en Ingeniería Industrial. Fundación para el Desarrollo de la Investigación
1998
|
| ট্যাগগুলো: |
ট্যাগ যুক্ত করুন
কোনো ট্যাগ নেই, প্রথমজন হিসাবে ট্যাগ করুন!
|
MARC
| LEADER | 00000nam a2200000Ia 4500 | ||
|---|---|---|---|
| 003 | PI0041 | ||
| 005 | 20240422110150.0 | ||
| 008 | 140114s1998 cr a 000 ||spa d | ||
| 040 | |c cru CEDI | ||
| 100 | |a Sibaja Quesada, Oscar |9 1725 | ||
| 245 | |a Planeamiento estratégico para el Aseguramiento de la Calidad en la Dirección Nacional de Desarrollo Social y Asignaciones Familiares. Componente No. 2 Capacitación en Aseguramiento de la Calidad Sesiones de Capacitación y Sensibilización | ||
| 260 | |a [San José, Costa Rica]: Universidad de Costa Rica, Escuela de Ingeniería Industrial. Instituto de Investigaciones en Ingeniería. Programa de Investigaciones y Desarrollo en Ingeniería Industrial. Fundación para el Desarrollo de la Investigación |c 1998 | ||
| 700 | |a Castro Arias, Armando |9 2969 | ||
| 700 | |a Quesada Solano, Carlos |9 2970 | ||
| 942 | |c PI |h PI-41 |i PI0041 |6 PI_41_PI0041 | ||
| 999 | |c 13039 |d 13039 | ||
